Recent Trends in Monopoly in Great Britain

Guardado en:
Detalles Bibliográficos
Autor principal: Walshe, G.
Formato: Libro
Lenguaje:inglés
Publicado: London Cambridge University Press 1974
Edición:1. ed.
Etiquetas: Agregar Etiqueta
Sin Etiquetas, Sea el primero en etiquetar este registro!

MARC

LEADER 00000nam a2200000 4500
001 c028503
005 20250716114725.8
041 0 |a eng 
044 |a GB 
245 1 0 |a Recent Trends in Monopoly in Great Britain  |c G. Walshe 
250 |a 1. ed. 
264 1 |a London  |b Cambridge University Press  |c 1974 
300 |a 144 s. 
100 1 |a Walshe, G.